[Event "South African op"]
[Site "Cape Town"]
[Date "2022.07.11"]
[Round "5"]
[White "Fredericks, Malcolm Mp"]
[Black "Taute, Clayden"]
[Result "1/2-1/2"]
[WhiteElo "1817"]
[BlackElo "1384"]
[PlyCount "77"]
[EventDate "2022.07.09"]
[EventType "swiss"]
[EventRounds "11"]
[EventCountry "RSA"]
[SourceTitle "CBM 209 Extra"]
[Source "ChessBase"]
[SourceDate "2022.09.30"]
[SourceVersion "1"]
[SourceVersionDate "2022.09.30"]
[SourceQuality "1"]

1. c4 e6 2. Nc3 d5 3. d4 Nf6 4. Bg5 Be7 5. Nf3 Nbd7 6. e3 b6 7. cxd5 exd5 8. Bd3 Bb7 9. 0-0 0-0 10. Rc1 Re8 11. Bf4 a6 12. a4 c6 13. e4 dxe4 14. Nxe4 Nd5 15. Be5 N7f6 16. Re1 h6 17. Ng3 Bf8 18. Nf5 Nb4 19. Bc4 Bc8 20. Ng3 Be6 21. h3 a5 22. b3 Ra7 23. Re3 Rd7 24. Qe2 Nfd5 25. Re1 Nxe3 26. fxe3 Bxc4 27. Qxc4 c5 28. Nf5 g6 29. N5h4 Kh7 30. Qf1 f6 31. Bg3 Rd5 32. e4 Rxd4 33. Nxd4 cxd4 34. e5 f5 35. e6 d3 36. Nxf5 d2 37. Rd1 Rxe6 38. Nh4 Bg7 39. Nf3 1/2-1/2

[Event "South African op"]
[Site "Cape Town"]
[Date "2022.07.09"]
[Round "1"]
[White "Du Plessis, Anika"]
[Black "Fredericks, Malcolm Mp"]
[Result "0-1"]
[WhiteElo "1545"]
[BlackElo "1817"]
[PlyCount "76"]
[EventDate "2022.07.09"]
[EventType "swiss"]
[EventRounds "11"]
[EventCountry "RSA"]
[SourceTitle "CBM 209 Extra"]
[Source "ChessBase"]
[SourceDate "2022.09.30"]
[SourceVersion "1"]
[SourceVersionDate "2022.09.30"]
[SourceQuality "1"]

1. d4 Nf6 2. c4 g6 3. Nc3 Bg7 4. g3 0-0 5. Bg2 d6 6. Nf3 Nbd7 7. 0-0 c6 8. Bg5 h6 9. Bd2 e5 10. dxe5 Nxe5 11. Nxe5 dxe5 12. Qc1 Kh7 13. Rd1 Qe7 14. Be3 Bg4 15. Qc2 Rfe8 16. Na4 Bf5 17. Qb3 Rac8 18. Bc5 Qc7 19. Bd6 Qa5 20. c5 Be6 21. Qc2 Nd5 22. a3 b5 23. e4 Nc7 24. Nc3 Qa6 25. Na2 Bxa2 26. Rxa2 Ne6 27. Bh3 Nd4 28. Rxd4 exd4 29. Bxc8 Qxc8 30. Ra1 Qe6 31. Re1 Qc4 32. Qd2 d3 33. Re3 Rxe4 34. Rxd3 Bxb2 35. Rf3 Rd4 36. Qe1 Qd5 37. Kg2 Rd3 38. Qe2 Rxa3 0-1

[Event "South African op"]
[Site "Cape Town"]
[Date "2015.07.03"]
[Round "1"]
[White "Anderson, Gavin"]
[Black "Fredericks, Malcolm Mp"]
[Result "1-0"]
[WhiteElo "2250"]
[BlackElo "1858"]
[PlyCount "94"]
[EventDate "2015.07.03"]
[EventType "swiss"]
[EventRounds "11"]
[EventCountry "RSA"]
[SourceTitle "CBM 167 Extra"]
[Source "ChessBase"]
[SourceDate "2015.09.14"]
[SourceVersion "1"]
[SourceVersionDate "2015.09.14"]
[SourceQuality "1"]

1. d4 Nf6 2. c4 g6 3. Nc3 Bg7 4. e4 d6 5. Be2 0-0 6. Bg5 h6 7. Be3 e5 8. d5 Na6 9. Qd2 Nxe4 10. Nxe4 f5 11. Nxd6 Qxd6 12. Bxh6 Bxh6 13. Qxh6 Qb4+ 14. Qd2 Qxd2+ 15. Kxd2 Nc5 16. Bd3 a5 17. Bc2 Bd7 18. Nf3 e4 19. Ng5 Rae8 20. Rae1 c6 21. h4 cxd5 22. cxd5 Re5 23. Rd1 Rxd5+ 24. Kc3 Re5 25. Rd6 Kg7 26. h5 gxh5 27. Kd4 Re7 28. Rxh5 Ne6+ 29. Nxe6+ Bxe6 30. Rg5+ Kf6 31. Rg3 Rd7 32. Rxd7 Bxd7 33. Bb3 f4 34. Rg8 Rxg8 35. Bxg8 Bc6 36. Bc4 b6 37. Bf1 Kf5 38. Be2 Bb7 39. Bb5 e3 40. fxe3 fxe3 41. g3 Kg4 42. Kxe3 Kxg3 43. Be2 Bc6 44. Bh5 Bb7 45. a3 Bc6 46. Bd1 Bb7 47. Be2 Bc6 1-0